000
00247nam a22001217a 4500
008
171227b xxu||||| |||| 00| 0 eng d
041
_a
eng
080
_a
591
100
_a
7
101
_a
ZOO
245
_a
SALT WATER
_c
GRANT.F
942
_2
udc
_c
BK
999
_c
39497
_d
39497